000 00298nam a22001337a 4500
008 180730b xxu||||| |||| 00| 0 eng d
082 _a813.52
245 _aAbnormal Psychology
_cHoeksema,S.N
260 _c2007
300 _a1
_fCD
440 _x9780073191447
760 _b4th
942 _2ddc
_cMX
999 _c46690
_d46690